New life within SAARC / (Record no. 16362)

000 -LEADER
fixed length control field 01312cam a2200373 a 4500
001 - CONTROL NUMBER
control field 14294361
005 - DATE AND TIME OF LATEST TRANSACTION
control field 20170105102938.0
008 - FIXED-LENGTH DATA ELEMENTS--GENERAL INFORMATION
fixed length control field 060309s2005 np b 000 0 eng
010 ## - LIBRARY OF CONGRESS CONTROL NUMBER
LC control number 2006345337
020 ## - INTERNATIONAL STANDARD BOOK NUMBER
International Standard Book Number 9994657879
025 ## - OVERSEAS ACQUISITION NUMBER
Overseas acquisition number N-E-2006-345337; 22
037 ## - SOURCE OF ACQUISITION
Source of stock number/acquisition Library of Congress -- New Delhi Overseas Office
Terms of availability Rs400.00
040 ## - CATALOGING SOURCE
Original cataloging agency DLC
Transcribing agency DLC
042 ## - AUTHENTICATION CODE
Authentication code lcode
043 ## - GEOGRAPHIC AREA CODE
Geographic area code az-----
050 00 - LIBRARY OF CONGRESS CALL NUMBER
Classification number HC430.6
Item number .N49 2005
082 ## - DEWEY DECIMAL CLASSIFICATION NUMBER
Classification number 954
Author Mark NEW 2005
245 00 - TITLE STATEMENT
Title New life within SAARC /
Statement of responsibility, etc. edited by Nishchal N. Pandey and Dev Raj Dahal.
250 ## - EDITION STATEMENT
Edition statement 1st ed.
260 ## - PUBLICATION, DISTRIBUTION, ETC.
Place of publication, distribution, etc. Kathmandu :
Name of publisher, distributor, etc. Institute of Foreign Affairs :
-- Friedrich-Ebert-Stiftung (Nepal),
Date of publication, distribution, etc. 2005.
300 ## - PHYSICAL DESCRIPTION
Extent viii, 189 p. ;
Dimensions 23 cm.
504 ## - BIBLIOGRAPHY, ETC. NOTE
Bibliography, etc. note Includes bibliographical references.
520 ## - SUMMARY, ETC.
Summary, etc. Contributed articles predominantly on economic cooperation among SAARC countries.
610 20 - SUBJECT ADDED ENTRY--CORPORATE NAME
Corporate name or jurisdiction name as entry element South Asian Association for Regional Cooperation.
650 #0 - SUBJECT ADDED ENTRY--TOPICAL TERM
Topical term or geographic name entry element South Asian cooperation.
651 #0 - SUBJECT ADDED ENTRY--GEOGRAPHIC NAME
Geographic name South Asia
General subdivision Economic integration.
700 1# - ADDED ENTRY--PERSONAL NAME
Personal name Pandey, Nishchal N.
700 1# - ADDED ENTRY--PERSONAL NAME
Personal name Dahal, Dev Raj.
710 2# - ADDED ENTRY--CORPORATE NAME
Corporate name or jurisdiction name as entry element Institute of Foreign Affairs (Nepal)
710 2# - ADDED ENTRY--CORPORATE NAME
Corporate name or jurisdiction name as entry element Friedrich-Ebert-Stiftung (Nepal)
906 ## - LOCAL DATA ELEMENT F, LDF (RLIN)
a 7
b cbc
c origode
d 3
e ncip
f 20
g y-gencatlg
942 ## - ADDED ENTRY ELEMENTS (KOHA)
Source of classification or shelving scheme
Koha item type Book
Holdings
Withdrawn status Lost status Damaged status Not for loan Collection code Permanent Location Current Location Shelving location Date acquired Total Checkouts Full call number Barcode Date last seen Price effective from Koha item type
          Centre for International Peace & Stability (CIPS) Centre for International Peace & Stability (CIPS) General Stacks 03/30/2016   954 NEW 2005 CIPSD0000417 03/30/2016 03/30/2016 Book
© 2023 Central Library, National University of Sciences and Technology. All Rights Reserved.